000 00746nam a2200241Ia 4500
003 OSt
005 20220925235338.0
006 a|||||r|||| 00| 0
007 ta
008 220923b |||||||| |||| 00| 0 eng d
020 _a8189524194
_c30
037 _b879, 12/03/2013, Pranami Book Service
_cGeneral Book
040 _aRTL
_cRTL
_beng
041 _2eng
_aeng
082 _aY11:492.2, P6
100 _aTUCKER Lee
_9301234
245 0 _aChild slaves in modern India
_b The bonded labor problem.
260 _a New Delhi
_bCritical Quest
_c2006
300 _a48p.
_ccm.
650 _aSociology
942 _hY11:492.2, P6
_cGB
_2CC
999 _c597221
_d597221